000 00729nam a2200241 4500
001 sa 68017526
003 DLC
005 20260227112703.0
008 710518s1966 ii b 00000 eng
010 _asa 68017526
025 _aPL480:I-E-9555
050 0 _aB132.Y6
_bP17
100 1 0 _aPal, Kumar.
245 1 0 _aYoga and psycho-analysis;
_ba comparative study of Indian systems of yoga & western schools of psychotherapy.
250 _a[1st ed.
260 0 _aNew Delhi,
_bDr. Bhagavan Das Memorial Trust,
_c1966]
300 _axii, 180, 12 p.
_c19 cm.
350 _a10.00
440 0 _aAcademy of learning series,
_v1
504 _aIncludes bibliographical references.
650 0 _aYoga.
650 0 _aPsychoanalysis.
999 _c87773
_d87773